书目信息 |
| 题名: |
实用中学历史教学法
|
|
| 作者: | 王有录 主编 | |
| 分册: | ||
| 出版信息: | 郑州 中州古籍出版社 1988 |
|
| 页数: | 393页 | |
| 开本: | 20cm | |
| 丛书名: | ||
| 单 册: | ||
| 中图分类: | G633.51 | |
| 科图分类: | ||
| 主题词: | 历史课-教学法--中学 , 教学法-历史课--中学 | |
| 电子资源: | ||
| ISBN: | 7-5348-0151-6 | |
| 000 | 00635nam0 2200217 45 | |
| 001 | 0196111316 | |
| 005 | 20070926162021.14 | |
| 010 | @a7-5348-0151-6@dCNY3.60 | |
| 100 | @a19961113d1988 demy0chiy0121 ea | |
| 101 | 0 | @achi |
| 102 | @aCN@b410000 | |
| 105 | @ay z 000yy | |
| 200 | 10 | @a实用中学历史教学法@Ashi yong zhong xue li shi jiao xue fa@f王有录主编 |
| 210 | @a郑州@c中州古籍出版社@d1988 | |
| 215 | @a393页@d20cm | |
| 606 | @a历史课-教学法@x中学 | |
| 606 | @a教学法-历史课@x中学 | |
| 690 | @aG633.51@v3 | |
| 701 | 0 | @a王有录@Awang you lu@4主编 |
| 801 | 0 | @aCN@bNLC@c20070926 |
| 905 | @dG633.51@e106@f1@f3@b229541-543@b229544 | |
| 实用中学历史教学法/王有录主编.-郑州:中州古籍出版社,1988 |
| 393页;20cm |
| ISBN 7-5348-0151-6:CNY3.60 |
| ● |
| 相关链接 |
|
|
|
|
正题名:实用中学历史教学法
索取号:G633.51/106
 
预约/预借
| 序号 | 登录号 | 条形码 | 馆藏地/架位号 | 状态 | 备注 |
| 1 | 0229541 | 000603911 | 密集书库/ [索取号:G633.51/106] | 在馆 | |
| 2 | 0229542 | 000603920 | 密集书库/ [索取号:G633.51/106] | 在馆 | |
| 3 | 0229543 | 000604723 | 密集书库/ [索取号:G633.51/106] | 在馆 | |
| 4 | 0229544 | 000603859 | 密集书库/ [索取号:G633.51/106] | 在馆 | |
| 5 | 0229545 | 000603868 | 第一样本阅览室/ [索取号:G633.51/106] | 在馆 | |
| 6 | 0232004 | 001586750 | 密集书库/ [索取号:G633.51/106] | 在馆 | |
| 7 | 0626117 | 206261178 | 密集书库/ [索取号:G633.51/106] | 在馆 |